000 00277nam a22001337a 4500
008 190227b xxu||||| |||| 00| 0 eng d
020 _a014019022953
041 _aeng
080 _a610
100 _a4
101 _aSHM
245 _aAllergies
_cYoung,S.H
942 _2udc
_cBK
999 _c54342
_d54342